000 00913cam a2200217 4500
001 ABS65431
008 020415n2002 000 0 eng u
035 _a(Sirsi) u117472
245 _aAJ100
260 _c2002
490 _aArchitects' Journal
_v215(11) 21 March 2002, 40-69(17)
520 _aSurvey of the top 100 UK architectural practices ranked by number of qualified architects. League tables by architectural fee income, total UK fee income, number of qualified architects by region, and number of qualified architects globally. Survey also covers the mostadmired living architects, favourite buildings, and perceptions of the future of the profession.
590 _aABS
650 _aRANKINGS
650 _aLEAGUE TABLES
650 _aARCHITECTS
650 _aFEE INCOME
650 _aARCHITECTURAL PRACTICES
690 _aMANAGEMENT-BUSINESS MANAGEMENT-PROFESSIONAL PRACTICE
942 _n0
999 _c69981
_d69981